<?xml version="1.0" encoding="UTF-8"?>
<marc:record xmlns:marc="http://www.loc.gov/MARC21/slim">
   <marc:leader>00000nam a2200000 a 4500</marc:leader>
   <marc:datafield ind1="1" ind2=" " tag="100">
      <marc:subfield code="a">Tumpel, Michael</marc:subfield>
      <marc:subfield code="4">aut</marc:subfield>
      <marc:subfield code="e">Verfasser/-in</marc:subfield>
   </marc:datafield>
   <marc:datafield ind1=" " ind2=" " tag="653">
      <marc:subfield code="a">Einkommensteuer</marc:subfield>
   </marc:datafield>
   <marc:datafield ind1=" " ind2=" " tag="653">
      <marc:subfield code="a">Körperschaftsteuer</marc:subfield>
   </marc:datafield>
   <marc:datafield ind1=" " ind2=" " tag="653">
      <marc:subfield code="a">Steuern</marc:subfield>
   </marc:datafield>
   <marc:datafield ind1=" " ind2=" " tag="653">
      <marc:subfield code="a">Umsatzsteuer</marc:subfield>
   </marc:datafield>
   <marc:datafield ind1=" " ind2=" " tag="653">
      <marc:subfield code="a">Softcover / Recht/Steuern</marc:subfield>
   </marc:datafield>
   <marc:datafield ind1="0" ind2="0" tag="245">
      <marc:subfield code="a">Steuern kompakt 2023</marc:subfield>
   </marc:datafield>
   <marc:datafield ind1="0" ind2="0" tag="245">
      <marc:subfield code="b">Eine Einführung in die Steuerlehre</marc:subfield>
   </marc:datafield>
   <marc:datafield ind1="0" ind2="0" tag="245">
      <marc:subfield code="c">Michael Tumpel</marc:subfield>
   </marc:datafield>
   <marc:datafield ind1=" " ind2="1" tag="264">
      <marc:subfield code="a">Wien</marc:subfield>
      <marc:subfield code="b">Linde Verlag Ges.m.b.H.</marc:subfield>
      <marc:subfield code="c">2023</marc:subfield>
   </marc:datafield>
   <marc:datafield ind1="1" ind2=" " tag="490">
      <marc:subfield code="a">Linde Lehrbuch</marc:subfield>
   </marc:datafield>
   <marc:datafield ind1=" " ind2=" " tag="250">
      <marc:subfield code="a">1. Auflage 2023</marc:subfield>
   </marc:datafield>
   <marc:datafield ind1="1" ind2=" " tag="520">
      <marc:subfield code="a">Angaben aus der Verlagsmeldung

Steuern kompakt 2023 : Eine Einführung in die Steuerlehre / von Michael Tumpel

Sicher durch das Dickicht des österreichischen Steuerrechts

Wie lassen sich Steuerwirkungen quantifizieren? Wie ist die steuerliche Gewinnermittlung ausgestaltet? Welchen Einfluss hat die Besteuerung auf die Wahl der Rechtsform und auf die Standortwahl?

Das österreichische Steuerrecht ist einem ständigen und raschen Wandel unterworfen. Dieses Buch führt auf kompakte und benutzerfreundliche Weise durch die Grundbegriffe der Besteuerung und die Grundsätze der wesentlichen Steuerarten. Gleichzeitig zeigt es die Wirkungen von Steuern auf unternehmerische Entscheidungen. Mit den Änderungen des Ökosozialen Steuerreformgesetzes 2022, des Abgabenänderungsgesetzes 2022 und der Teuerungs-Entlastungspakete berücksichtigt es den maßgeblichen Stand des österreichischen Steuerrechts.

Erkennen und planen Sie Ihre steuerliche Belastung vorab – ”Steuern kompakt 2023“ hilft Ihnen dabei.

</marc:subfield>
   </marc:datafield>
   <marc:datafield ind1=" " ind2=" " tag="020">
      <marc:subfield code="a">9783707346565</marc:subfield>
      <marc:subfield code="9">9783707346565</marc:subfield>
   </marc:datafield>
   <marc:datafield ind1=" " ind2=" " tag="020">
      <marc:subfield code="a">3707346560</marc:subfield>
      <marc:subfield code="9">3707346560</marc:subfield>
   </marc:datafield>
   <marc:datafield ind1=" " ind2=" " tag="041">
      <marc:subfield code="a">ger</marc:subfield>
   </marc:datafield>
   <marc:datafield ind1=" " ind2=" " tag="300">
      <marc:subfield code="a">170 Seiten</marc:subfield>
   </marc:datafield>
</marc:record>
